Drilling technolgy

Bibliographic Details
Main Authors: Krar, Stephen F. (Author), Oswald, James William (Author)
Format: Book
Published: New York : Delmar , 1977
Subjects:

MARC

LEADER 00000cam a2200000 7i4500
001 0000000597
005 20211208093000.0
008 021118s1977
020 |a 082730210X 
090 0 0 |a TJ1260   |b .K7 
100 0 |a Krar, Stephen F. ,   |e author 
245 1 0 |a Drilling technolgy   |c Stephen F. Krar, J. William Oswald 
260 2 |a New York :   |b Delmar ,   |c 1977 
300 |a 160 p. ;   |c 26 cm. 
504 |a Includes index 
650 0 |a Drilling and boring 
700 0 |a Oswald, James William ,   |e author 
999 |a 1000039369   |b Book   |c OPEN SHELF (30 DAYS)   |e Gong Badak Campus